90 Personnages Principaux - Mangas / Animes - Statistiques

Statistiques générales
  • Ce quiz a été pris 306 fois
  • Le résultat moyen est 38 sur 90
Statistiques - réponses
Par images Réponse % Correct
Naruto Uzumaki
100%
Son Goku
99%
Monkey D. Luffy
98%
Eren Jaeger
95%
Gon Freecs
94%
Boruto Uzumaki
89%
Light Yagami
89%
Ken Kaneki
87%
Saitama
87%
Tanjiro Kamado
86%
Ichigo Kurosaki
85%
Natsu Dragnir
85%
Izuku Midoriya
81%
Meliodas
76%
Itadori Yuji
74%
Edward Elric
71%
Shinichi Kudo / Conan
71%
Guts
68%
Anya Forger
67%
Lelouch Lamperouge
66%
Denji
65%
Emma
65%
Nana Osaki
63%
Eikichi Onizuka
62%
Violet Evergarden
62%
Senku Ishigami
61%
Shoyo Hinata
61%
Tetsuya Kuroko
58%
Tsubasa Ozora / Olivier Atton
58%
Yugi Muto
58%
Frieren
56%
Takemichi Hanagaki
54%
Shin / Li Xin
53%
Kazuko Kirigaya / Kirito
50%
Thorfinn Karlsefni
50%
Jotaro Kujo
49%
Mashle Burnedead
49%
Jonathan Joestar
48%
Ryo Saeba / Nicky Larson
47%
Yoichi Isagi
47%
Maomao
42%
Seiya
40%
Kaguya Shinomiya
39%
Momo Ayase
38%
Shinra Kusakabe
38%
Giorno Giovanna
37%
Joseph Joestar
37%
Akame
36%
Josuke Higashikata
34%
Josuke Higashikata II
34%
Ranma Saotome
34%
Doraemon
32%
Kenshin Himura / Battosai
32%
Okumura Rin
32%
Subaru Natsuki
30%
Gabimaru
29%
InuYasha
29%
Johan Liebert
29%
Jolyne Kujo
29%
Sakura Kinomoto
24%
Izumi Shinichi
19%
Akira Fudo
18%
Spike Spiegel
18%
Tendo Akira
18%
Yato / Yaboku
18%
Alucard / Dracula / Vlad Tepes
17%
Yusuke Urameshi
17%
Johnny Joestar
16%
Maka Albarn
16%
Miyamoto Musashi / Takezo Shinmen
16%
Kafka Hibino
14%
Kenshiro
12%
Shigeo Kageyama
12%
Ashito Aoi
11%
Rintarou Okabe
11%
Simon
11%
Hanamichi Sakuragi
10%
Usagi Tsukino / Bunny Rivière
10%
Sena Kobayakawa
9%
Cid Kagenou
8%
Hyakkimaru " Kagemitsu "
7%
Tsunayoshi Sawada
7%
Alita
6%
Caiman
4%
Clare
3%
Daisuke Kanbe
3%
Nicolas Brown
3%
Yoh Asakura
3%
Ninny Spangcole
1%
Takashi Komuro
1%
Aucun quiz correspondant
Distribution des résultats
% des personnes avec chaque résultat
Percentile par nombre de réponses
Votre historique - résultats
Vous n’avez pas pris ce quiz